| 000 | 00465cam a22001337a 4500 | ||
|---|---|---|---|
| 008 | 180718b1984 xxu||||| |||| 00| 0 eng d | ||
| 082 | _aZ09x59 R129 | ||
| 245 |
_aGrass-roots participation and self-reliance: experiences in South and South East Asia _cedited by Md. Anisur Rahman |
||
| 260 |
_aDelhi _bOxford and IBH _c1984 |
||
| 300 | _a215p. | ||
| 650 | _aPoverty - Asia, South East | ||
| 650 | _aPeasant uprisings - Asia, South East | ||
| 700 | _aRahman, Md. Anisur | ||
| 999 |
_c352032 _d352032 |
||